| 000 | 00369nam a2200157Ia 4500 | ||
|---|---|---|---|
| 008 | 230917s9999||||xx |||||||||||||| ||und|| | ||
| 040 |
_e80499 _aMAIN |
||
| 041 | _aEnglish | ||
| 082 | _a342 S82A | ||
| 100 | _aSathe, S P | ||
| 245 | 0 | _aAdministrative law | |
| 250 | _a6th ed. | ||
| 260 |
_aNew Delhi _bButterworths _c1999 |
||
| 300 | _alxxvii, 557 p. | ||
| 942 | _cBK | ||
| 999 |
_c108056 _d108056 |
||